Residual Effect of herbicides in some field crops / (رقم التسجيلة. 179404)

تفاصيل مارك
000 -LEADER
fixed length control field 01415namaa22003251i 4500
005 - أخر تعامل مع التسجيلة
control field 20260412103313.0
008 - FIXED-LENGTH DATA ELEMENTS--GENERAL INFORMATION
fixed length control field 260412s1995 u a|||fr|m|| 000 0 eng d
040 ## - CATALOGING SOURCE
Original cataloguing agency EG-GICUC
Language of cataloging eng
Transcribing agency EG-GICUC
Modifying agency EG-GICUC
Description conventions rda
041 0# - LANGUAGE CODE
Language code of text/sound track or separate title eng
Language code of summary or abstract eng
-- ara
049 ## - Acquisition Source
Acquisition Source Deposit
097 ## - Degree
Degree M.Sc
099 ## - LOCAL FREE-TEXT CALL NUMBER (OCLC)
Local Call Number Cai01.07.01.M.Sc.1995.Th.R
100 0# - MAIN ENTRY--PERSONAL NAME
Authority record control number or standard number Thamer Izeedin Al Hanish ,
Preparation preparation.
245 10 - TITLE STATEMENT
Title Residual Effect of herbicides in some field crops /
Statement of responsibility, etc. By Thamer Izeedin Al Hanish ; Supervised .Dr. Ahmed H . El-Hattab , Dr. Shaban A. Shaban , Dr. Ezzaldin O. Abusteit ,
246 15 - VARYING FORM OF TITLE
Title proper/short title دراسة الاثر المتبقى لمبيدات الحشائش فى بعض محاصيل الحقل
264 #0 - PRODUCTION, PUBLICATION, DISTRIBUTION, MANUFACTURE, AND COPYRIGHT NOTICE
Date of production, publication, distribution, manufacture, or copyright notice 1995
300 ## - PHYSICAL DESCRIPTION
Extent 124 Leaves :
Other physical details illustrations ;
Dimensions 30 cm. +
336 ## - CONTENT TYPE
Source rda content
Content type term text
337 ## - MEDIA TYPE
Source rdamedia
Media type term Unmediated
338 ## - CARRIER TYPE
Source rdacarrier
Carrier type term volume
502 ## - DISSERTATION NOTE
Dissertation note Thesis (M.Sc.) -Cairo University, 1995
504 ## - BIBLIOGRAPHY, ETC. NOTE
Bibliography, etc. note Bibliography: pages 113 : 124
653 #0 - INDEX TERM--UNCONTROLLED
Uncontrolled term Residual Effect of herbicides in some field crops
700 0# - ADDED ENTRY--PERSONAL NAME
Personal name Ahmed H . El-Hattab
Relator term thesis advisor.
700 0# - ADDED ENTRY--PERSONAL NAME
Personal name . Shaban A. Shaban
Relator term thesis advisor.
700 0# - ADDED ENTRY--PERSONAL NAME
Personal name Ezzaldin O. Abusteit
Relator term thesis advisor.
900 ## - Thesis Information
Department Department of Agronomy
Faculties Faculty of Agriculture
Universities Cairo University
Grant date 1995
Supervisory body Ahmed H . El-Hattab
-- Shaban A. Shaban
-- Ezzaldin O. Abusteit
Discussion body Ahmed H . El-Hattab
905 ## - Cataloger and Reviser Names
Cataloger Name Nagat Ghanem
942 ## - ADDED ENTRY ELEMENTS (KOHA)
Source of classification or shelving scheme Dewey Decimal Classification
Koha item type Thesis
Edition 21
Suppress in OPAC No
المقتنيات
Source of classification or shelving scheme Home library Current library Date acquired Inventory number Full call number Barcode Date last seen Effective from Koha item type
Dewey Decimal Classification المكتبة المركزبة الجديدة - جامعة القاهرة مكتبة المئوية 12.04.2026 26668 Cai01.07.01.M.Sc.1995.Th.R 01010110026668000 12.04.2026 12.04.2026 Thesis
Cairo University Libraries Portal Implemented & Customized by: Eng. M. Mohamady Contacts: new-lib@cl.cu.edu.eg | cnul@cl.cu.edu.eg
CUCL logo CNUL logo
© All rights reserved — Cairo University Libraries
CUCL logo
Implemented & Customized by: Eng. M. Mohamady Contact: new-lib@cl.cu.edu.eg © All rights reserved — New Central Library
CNUL logo
Implemented & Customized by: Eng. M. Mohamady Contact: cnul@cl.cu.edu.eg © All rights reserved — Cairo National University Library